000 00849nam a2200277 a 4500
001 BRCA_6687
005 20190320205544.0
008 031212s2005----sp-a######---#000-0#spa-#
020 _a8496258564
041 _aspa
044 _asp
050 4 _aCB33
_b.M33 2005
100 1 _aMaderuelo, Javier
_916720
245 1 0 _aEl paisaje
_bgénesis de un concepto
_cJavier Maderuelo.
260 _aMadrid
_bAbada
_c2005
300 _a341 p.
_bil.
_c24 cm.
440 0 _aLecturas de paisaje
_pHistoria del arte y de la arquitectura
_916721
500 _aIncluye índice de ilustraciones e índice de nombres
500 _aEjemplar engargolado
500 _aPor política no se presta a domicilio
504 _aBibliografía: p. [321]-328
650 1 4 _aPaisajes
_916722
650 1 4 _aCivilización
_xHistoria
_99808
902 _aeng
942 _2lcc
_cB
999 _c6370
_d6370